| 000 | 00609nam a22001937a 4500 | ||
|---|---|---|---|
| 008 | 151021b xxu||||| |||| 00| 0 eng d | ||
| 020 | _a0135616700 | ||
| 041 | 0 | _aeng | |
| 080 | _a510.67 | ||
| 100 | 1 | _aMaki, Daniel P. | |
| 245 | 1 | 0 |
_aMathematical models and applications, _c[by] Daniel P. Maki [and] Maynard Thompson. |
| 260 |
_aEnglewood Cliffs, N.J., _bPrentice-Hall _c1973. |
||
| 300 |
_axv, 492 f. _bme il.; _c24 cm. |
||
| 650 | 0 | _aMatematika | |
| 650 | 0 | _aModelet | |
| 650 | 0 | _aAplikimet | |
| 700 | 1 | _aThompson, Maynard, | |
| 942 |
_2udc _cBK |
||
| 999 |
_c1329 _d1329 |
||